|
|
|
|
| LEADER |
01359nam a2200289 a 4500 |
| 001 |
16471 |
| 003 |
BD-DhAAL |
| 008 |
091105s2004 bg b 001 0 eng d |
| 999 |
|
|
|c 5636
|d 5636
|
| 020 |
|
|
|a 9840517015
|
| 040 |
|
|
|a DLC
|c DLC
|d BD-DhAAL
|
| 082 |
0 |
0 |
|a 345.5492
|2 22
|
| 245 |
0 |
0 |
|a Rotting from the head :
|b donors and LDC corruption /
|c edited by Salim Rashid.
|
| 260 |
|
|
|a Dhaka :
|b University Press,
|c 2004.
|
| 300 |
|
|
|a xi, 232 pages ;
|c 22 cm.
|
| 504 |
|
|
|a Includes bibliographical references and index.
|
| 541 |
1 |
|
|a Donated By Akbar Ali Khan
|e 16471, 38663
|
| 650 |
|
0 |
|a Political corruption
|z Bangladesh.
|9 48881
|
| 650 |
|
0 |
|a Business enterprises
|x Corrupt practices
|z Bangladesh.
|9 48882
|
| 650 |
|
0 |
|a Corporate governance
|z Bangladesh.
|9 48883
|
| 650 |
|
0 |
|a Organizational behavior
|z Bangladesh.
|9 48884
|
| 650 |
|
0 |
|a Political corruption
|x Economic aspects
|z Bangladesh.
|9 48885
|
| 700 |
1 |
|
|a Rashid, Salim,
|d 1949-
|9 48886
|
| 852 |
4 |
|
|a Ayesha Abed Library
|c General Stacks
|
| 942 |
|
|
|2 ddc
|c BK
|
| 952 |
|
|
|0 0
|1 0
|2 ddc
|4 0
|6 345_549200000000000_ROT_2006
|7 0
|9 5538
|a BRACUL
|b BRACUL
|c GEN
|d 2009-11-19
|g 400.00
|l 1
|o 345.5492 ROT
|p 3010016471
|r 2011-04-28
|s 2011-04-28
|t 1
|v 800.00
|w 2009-11-19
|y BK
|
| 952 |
|
|
|0 0
|1 0
|2 ddc
|4 0
|6 345_549200000000000_ROT
|7 1
|9 70784
|a BRACUL
|b BRACUL
|c AAKC
|d 2022-06-05
|e Donated by Akbar Ali Khan
|l 0
|o 345.5492 ROT
|p 3010038663
|r 2022-06-05
|t 2
|w 2022-06-05
|y BK
|